000 00445 a2200145 4500
005 20250624095245.0
020 _a978-981-16-2772-9
082 _a006.3 YU
100 _aYU, S
245 _aAn Introduction to Artificial Intelligence in Education: Bridging Human and Machine, Future Education with Intelligence
260 _aChina
_bSpringer
_c2021.
300 _aviii,198p.: ill.; figures
_bReferences
_c23cm
700 _aYu Lu
942 _2ddc
_cBKS
999 _c4807
_d4807